000 00836nam a2200229 i 4500
001 162300
003 ES-MaACL
005 20250725063223.0
008 971217m18571862fr |||| | grcod
100 0 _aPlutarco
_992678
245 1 0 _aPloutarchou bioi
_b= Plutarchi vitae /
_csecundum codices parisinos recognovit Theod. Doehner.
260 _aParisiis :
_bAmbrosio Firmin Didot,
_c1857-1862.
300 _a2 v. ;
_c27 cm.
490 1 _aScriptorum graecorum bibliotheca ;
_v24, 28
597 _aI: [4], II, 624 p. - II: [4], IV, 625-1281 p.
650 0 4 _aGriegos-
_xBiografías.
_913163
650 0 4 _aRomanos-
_xBiografías.
_916942
700 1 _aDöhner, Theodor.
_9188383
830 1 _aScriptorum graecorum bibliotheca ;
_v24, 28
_9182435
852 _aES-MaACL
_jB-2486-87
_z- Enc. hol.
999 _c162300
_d162300